Đại tự điển chữ Nôm
Na minha lista:
| Autor principal: | |
|---|---|
| Formato: | Livro |
| Publicado em: |
Văn nghệ
2002
|
| Tags: |
Adicionar Tag
Sem tags, seja o primeiro a adicionar uma tag!
|
| Thư viện lưu trữ: | Mạng thư viện Đại học Đà Nẵng |
|---|
| LEADER | 00542nam a2200229 a 4500 | ||
|---|---|---|---|
| 001 | 000030404 | ||
| 003 | 14865 | ||
| 005 | 20171030145630.0 | ||
| 008 | 171030s2002 | ||
| 020 | |c 180000 | ||
| 040 | |a LTT | ||
| 082 | 0 | |a 495.93 |b VU-K | |
| 100 | 1 | |a Vũ Văn Kính | |
| 245 | 0 | 0 | |a Đại tự điển chữ Nôm |c Vũ Văn Kính. |
| 260 | |b Văn nghệ |c 2002 | ||
| OWN | |a LTT | ||
| 999 | |a From the UDN01 | ||
| TYP | |a Monograph | ||
| TYP | |a Printed language | ||
| 980 | |a Mạng thư viện Đại học Đà Nẵng | ||